| 000 | 01344nam a2200301 a 4500 | ||
|---|---|---|---|
| 001 | ebr10512135 | ||
| 003 | CaPaEBR | ||
| 006 | m u | ||
| 007 | cr cn||||||||| | ||
| 008 | 111212s2008 sz sb 100 0 eng d | ||
| 020 | _z9789221216216 | ||
| 020 | _z9789221216223 (e-book) | ||
| 040 |
_aCaPaEBR _cCaPaEBR |
||
| 035 | _a(OCoLC)769190098 | ||
| 050 | 1 | 4 |
_aHD5106 _b.I58 2008eb |
| 111 | 2 |
_aInternational Conference of Labour Statisticians _n(18th : _d2008 : _cGeneva, Switzerland) |
|
| 245 | 1 | 0 |
_aInternational Labour Organization report. _nII, _pMeasurement of working time : 18th International Conference of Labour Statisticians, Geneva 24 November-5 December 2008 _h[electronic resource]. |
| 246 | 3 | 4 |
_aReport II : _bmeasurement of working time |
| 260 |
_aGeneva : _bInternational Labour Office, _c2008. |
||
| 300 | _aiv, 58 p. | ||
| 500 | _a"ICLS/18/2008/II." | ||
| 504 | _aIncludes bibliographical references. | ||
| 533 |
_aElectronic reproduction. _bPalo Alto, Calif. : _cebrary, _d2013. _nAvailable via World Wide Web. _nAccess may be limited to ebrary affiliated libraries. |
||
| 650 | 0 |
_aHours of labor _vCongresses. |
|
| 655 | 7 |
_aElectronic books. _2local |
|
| 710 | 2 | _aebrary, Inc. | |
| 856 | 4 | 0 |
_uhttp://site.ebrary.com/lib/rucke/Doc?id=10512135 _zAn electronic book accessible through the World Wide Web; click to view |
| 999 |
_c223060 _d223060 |
||